Billie Eilish - SKINNY lyrics - Statistics

General Stats
  • This quiz has been taken 474 times
  • The average score is 124 of 155
Answer Stats
Answer % Correct
a
98%
I
98%
and
95%
me
95%
skinny
95%
the
95%
is
93%
still
93%
got
91%
just
91%
old
91%
because
90%
but
90%
real
89%
look
88%
maybe
88%
pretty
88%
think
88%
you
88%
say
87%
she's
87%
happy
86%
in
86%
love
86%
for
85%
people
85%
cry
84%
it
84%
time
83%
do
80%
first
80%
on
80%
to
80%
when
79%
Fell
77%
good
77%
with
76%
friend
75%
it's
74%
my
74%
one
74%
sign
74%
I'm
73%
so
73%
feel
72%
took
72%
twenty
72%
am
71%
lifetime
71%
off
71%
did
70%
fine
69%
feelin'
67%
bird
65%
cage
65%
now
65%
your
65%
was
64%
age
63%
feed
63%
said
63%
acting
62%
hungry
62%
internet
62%
stage
62%
way
62%
dog
60%
gotta
60%
know
60%
somebody's
59%
funny
58%
keep
58%
out
58%
secret
58%
step
58%
why
58%
loved
57%
already
56%
didn't
56%
long
56%
never
56%
get
54%
kinda
51%
meanest
51%
wrong
51%
pound
46%
gone
45%
patience
43%
No matching quizzes found
Score Distribution
Percent of People with Each Score
Percentile by Number Answered
Your Score History
You have not taken this quiz